[Event "VIE Cup (Women)"]
[Site "Hanoi"]
[Date "2021.??.??"]
[Round "3"]
[White "Tran, Thi Nhu Y"]
[Black "Nguyen, Thi Thuy Trien"]
[Result "1/2-1/2"]
[WhiteElo "1936"]
[BlackElo "2022"]
[PlyCount "32"]
[EventDate "2021.05.03"]
[EventType "swiss"]
[EventRounds "9"]
[EventCountry "VIE"]
[SourceTitle "EXT 2022"]
[Source "ChessBase"]
[SourceDate "2021.10.06"]
[SourceVersion "1"]
[SourceVersionDate "2021.10.06"]
[SourceQuality "1"]

1. e4 c6 2. d4 d5 3. exd5 cxd5 4. Bd3 Nc6 5. c3 Nf6 6. h3 e6 7. Nf3 Bd6 8. 0-0 0-0 9. Be3 Rb8 10. Nbd2 b5 11. Re1 Na5 12. Ne5 Bd7 13. Bg5 Be7 14. Re3 b4 15. Rg3 Kh8 16. Bxf6 Bxf6 1/2-1/2

[Event "VIE-chT (Women)"]
[Site "Bac Giang"]
[Date "2020.06.09"]
[Round "6.6"]
[White "Nguyen, Thi Thuy Trien"]
[Black "Nguyen, Xuan Nhi"]
[Result "1-0"]
[WhiteElo "2022"]
[BlackElo "1857"]
[PlyCount "63"]
[EventDate "2020.06.06"]
[EventType "swiss"]
[EventRounds "9"]
[EventCountry "VIE"]
[SourceTitle "CBM 197 Extra"]
[Source "ChessBase"]
[SourceDate "2020.09.30"]
[SourceVersion "1"]
[SourceVersionDate "2020.09.30"]
[SourceQuality "1"]

1. e4 c5 2. Nf3 d6 3. d4 cxd4 4. Nxd4 Nf6 5. Nc3 g6 6. Be2 Bg7 7. Be3 0-0 8. h4 Nc6 9. h5 Nxd4 10. Bxd4 Be6 11. f4 Qa5 12. h6 Bh8 13. 0-0 Rac8 14. Rf2 Rc7 15. a3 Bc4 16. Bf3 Rd7 17. b3 e5 18. b4 Qc7 19. Be3 Rfd8 20. Nd5 Nxd5 21. exd5 e4 22. Bg4 f5 23. Bh3 Bxa1 24. Qxa1 Bxd5 25. g4 Rc8 26. Qd1 Bf7 27. gxf5 Qc3 28. fxg6 hxg6 29. Bxd7 Rc7 30. Bd4 Qg3+ 31. Rg2 Qxf4 32. h7+ 1-0

[Event "VIE-chT (Women)"]
[Site "Bac Giang"]
[Date "2020.06.07"]
[Round "3.9"]
[White "Tran, Thi Nhu Y"]
[Black "Nguyen, Thi Thuy Trien"]
[Result "1/2-1/2"]
[WhiteElo "1887"]
[BlackElo "2022"]
[PlyCount "44"]
[EventDate "2020.06.06"]
[EventType "swiss"]
[EventRounds "9"]
[EventCountry "VIE"]
[SourceTitle "CBM 197 Extra"]
[Source "ChessBase"]
[SourceDate "2020.09.30"]
[SourceVersion "1"]
[SourceVersionDate "2020.09.30"]
[SourceQuality "1"]

1. d4 d5 2. c4 dxc4 3. Nc3 Nf6 4. Bf4 e6 5. e3 Bd6 6. Bg5 0-0 7. Bxc4 a6 8. Nf3 b5 9. Bd3 Bb7 10. 0-0 Nbd7 11. Rc1 h6 12. Bh4 Nb6 13. Re1 Be7 14. Bb1 b4 15. Bxf6 Bxf6 16. Ne4 Bxe4 17. Bxe4 Nd5 18. Qc2 Rc8 19. Qc5 Be7 20. Qa5 Qd6 21. Ne5 c5 22. Nc4 Qc7 1/2-1/2

[Event "VIE-chT (Women)"]
[Site "Ho Chi Minh City"]
[Date "2019.09.30"]
[Round "7.8"]
[White "Nguyen, Thi Thuy Trien"]
[Black "Nguyen, Truong Bao Tran"]
[Result "1-0"]
[WhiteElo "2022"]
[BlackElo "1869"]
[PlyCount "102"]
[EventDate "2019.09.26"]
[EventType "swiss"]
[EventRounds "9"]
[EventCountry "VIE"]
[SourceTitle "EXT 2020"]
[Source "ChessBase"]
[SourceDate "2019.10.17"]
[SourceVersion "1"]
[SourceVersionDate "2019.10.17"]
[SourceQuality "1"]

1. d4 Nf6 2. f4 d5 3. Nf3 c5 4. e3 e6 5. c3 Be7 6. Bd3 b6 7. 0-0 0-0 8. Ne5 Bb7 9. Nd2 Qc8 10. Rf3 Nbd7 11. Rh3 g6 12. Qf3 c4 13. Bc2 b5 14. g4 Nxe5 15. fxe5 Nd7 16. Qf4 f5 17. gxf5 Rxf5 18. Bxf5 exf5 19. Nf3 Nf8 20. Bd2 Qd7 21. Qh6 a5 22. Kh1 Ra6 23. Rg3 Bc8 24. Rag1 Bd8 25. Qh3 Qf7 26. Qf1 Kh8 27. Ne1 Bd7 28. Ng2 Ne6 29. Nf4 Nxf4 30. Qxf4 Be7 31. R3g2 Ra8 32. Be1 Rg8 33. Bh4 Be6 34. Qh6 Bxh4 35. Qxh4 Kg7 36. Qg5 Kh8 37. h4 Qe8 38. Qf4 Qe7 39. Qh6 Bf7 40. Kh2 a4 41. a3 Be8 42. Qf4 Bf7 43. Rg3 Qe6 44. R1g2 Kg7 45. Rf2 Kh8 46. Qh6 Qe7 47. Kg1 Qf8 48. Qf4 Qe7 49. Rfg2 Qe6 50. Qh6 Be8 51. Qf4 Bf7 1-0

[Event "VIE-chT (Women)"]
[Site "Ho Chi Minh City"]
[Date "2019.09.29"]
[Round "5.1"]
[White "Nguyen, Thi Thuy Trien"]
[Black "Luong, Phuong Hanh"]
[Result "0-1"]
[WhiteElo "2022"]
[BlackElo "2293"]
[PlyCount "102"]
[EventDate "2019.09.26"]
[EventType "swiss"]
[EventRounds "9"]
[EventCountry "VIE"]
[SourceTitle "EXT 2020"]
[Source "ChessBase"]
[SourceDate "2019.10.17"]
[SourceVersion "1"]
[SourceVersionDate "2019.10.17"]
[SourceQuality "1"]

1. d4 Nf6 2. c4 g6 3. Nc3 d5 4. e3 Bg7 5. f4 c5 6. dxc5 Qa5 7. Bd2 dxc4 8. Bxc4 Qxc5 9. Qb3 0-0 10. Nf3 Nc6 11. Ng5 e6 12. Be2 Nd5 13. Nge4 Qe7 14. 0-0 b6 15. Bf3 Bb7 16. f5 Na5 17. Nxd5 Bxd5 18. f6 Bxf6 19. Nxf6+ Qxf6 20. Bxd5 Nxb3 21. Rxf6 Nxa1 22. Bxa8 Rxa8 23. Rf1 Rd8 24. Bc3 Nc2 25. Kf2 b5 26. Rc1 b4 27. Rxc2 bxc3 28. bxc3 Kf8 29. e4 Ke7 30. c4 Rc8 31. Ke3 Kd6 32. Kd4 e5+ 33. Kc3 f5 34. exf5 gxf5 35. g3 h5 36. Rb2 h4 37. gxh4 Rh8 38. Rb7 Rxh4 39. Rxa7 Rh3+ 40. Kb4 e4 41. c5+ Ke6 42. c6 Rxh2 43. Kc3 Rh3+ 44. Kd4 Rd3+ 45. Kc4 Rd1 46. c7 Rc1+ 47. Kd4 Kf6 48. Kd5 Kg5 49. a4 e3 50. a5 e2 51. Rb7 e1Q 0-1

[Event "VIE-chT (Women)"]
[Site "Ho Chi Minh City"]
[Date "2019.09.27"]
[Round "2.9"]
[White "Vu, Khanh Linh"]
[Black "Nguyen, Thi Thuy Trien"]
[Result "1/2-1/2"]
[WhiteElo "1514"]
[BlackElo "2022"]
[PlyCount "113"]
[EventDate "2019.09.26"]
[EventType "swiss"]
[EventRounds "9"]
[EventCountry "VIE"]
[SourceTitle "EXT 2020"]
[Source "ChessBase"]
[SourceDate "2019.10.17"]
[SourceVersion "1"]
[SourceVersionDate "2019.10.17"]
[SourceQuality "1"]

1. e4 d5 2. exd5 Qxd5 3. d4 c6 4. Nc3 Qa5 5. Nf3 Nf6 6. Bd2 Qc7 7. Be2 Bf5 8. 0-0 e6 9. Ne5 Nbd7 10. Nxd7 Nxd7 11. Be3 Bd6 12. h3 0-0-0 13. Bd3 Bxd3 14. Qxd3 f5 15. Na4 f4 16. Bd2 g5 17. c4 Rdf8 18. c5 Be7 19. Qe4 Rf6 20. b4 h5 21. Nc3 Bd8 22. b5 g4 23. h4 Nb8 24. b6 axb6 25. cxb6 Qf7 26. Rac1 Rf5 27. a4 Bxh4 28. Nb5 Be7 29. Bxf4 Kd7 30. Be5 Rd8 31. Na7 Bd6 32. a5 Bxe5 33. dxe5 Ke8 34. Rcd1 Rd5 35. Nc8 Qd7 36. Nd6+ Kd8 37. Nxf5 exf5 38. Qc2 Na6 39. Rxd5 cxd5 40. Rd1 Ke7 41. Qd2 Ke6 42. Qh6+ Kxe5 43. Re1+ Kd4 44. Qe3+ Kc4 45. Rc1+ Kb5 46. Qd3+ Kxa5 47. Qb3 Qb5 48. Qa3+ Qa4 49. Qd3 Kxb6 50. Rb1+ Nb4 51. Qd4+ Kb5 52. Qd3+ Ka5 53. Qxf5 b5 54. Qc8 Qa1 55. Qa8+ Na6 56. Qd8+ Ka4 57. Rd1 1/2-1/2

[Event "VIE-ch (Women)"]
[Site "Ho Chi Minh City"]
[Date "2019.05.09"]
[Round "9"]
[White "Nguyen, Thi Thuy Trien"]
[Black "Le, Thanh Tu"]
[Result "1/2-1/2"]
[WhiteElo "2022"]
[BlackElo "2223"]
[PlyCount "90"]
[EventDate "2019.05.02"]
[EventType "swiss"]
[EventRounds "9"]
[EventCountry "VIE"]
[SourceTitle "CBM 190 Extra"]
[Source "ChessBase"]
[SourceDate "2019.07.15"]
[SourceVersion "1"]
[SourceVersionDate "2019.07.15"]
[SourceQuality "1"]

1. e4 e6 2. d4 d5 3. Nc3 Nf6 4. e5 Nfd7 5. f4 c5 6. Nf3 Nc6 7. Be3 cxd4 8. Nxd4 Bc5 9. Bb5 Bxd4 10. Bxd4 a6 11. Be2 Nxd4 12. Qxd4 Qb6 13. Qxb6 Nxb6 14. a4 Bd7 15. a5 Nc8 16. Na4 Bxa4 17. Rxa4 Ne7 18. Rb4 0-0-0 19. Kd2 Nc6 20. Ra4 f6 21. exf6 gxf6 22. g3 Rhe8 23. Rf1 Re7 24. b4 Nd4 25. Bd3 e5 26. fxe5 fxe5 27. c3 Nb5 28. Raa1 Nd6 29. Rae1 Kb8 30. Rf6 e4 31. Bf1 Nf7 32. Kc2 d4 33. cxd4 Rxd4 34. Kc3 Rd8 35. Re3 Rc7+ 36. Kb3 Rd2 37. Rxe4 Nd6 38. Re3 Rcc2 39. Bd3 Rb2+ 40. Kc3 Nb5+ 41. Bxb5 Rbc2+ 42. Kb3 axb5 43. Re8+ Ka7 44. Rff8 Rb2+ 45. Kc3 Rbc2+ 1/2-1/2

[Event "VIE-ch (Women)"]
[Site "Ho Chi Minh City"]
[Date "2019.05.08"]
[Round "8"]
[White "Hoang, Thi Bao Tram"]
[Black "Nguyen, Thi Thuy Trien"]
[Result "1/2-1/2"]
[WhiteElo "2293"]
[BlackElo "2022"]
[PlyCount "160"]
[EventDate "2019.05.02"]
[EventType "swiss"]
[EventRounds "9"]
[EventCountry "VIE"]
[SourceTitle "CBM 190 Extra"]
[Source "ChessBase"]
[SourceDate "2019.07.15"]
[SourceVersion "1"]
[SourceVersionDate "2019.07.15"]
[SourceQuality "1"]

1. d4 e6 2. Bf4 c5 3. e3 Nf6 4. Nd2 d5 5. c3 cxd4 6. exd4 Bd6 7. Bg3 Nc6 8. Ngf3 Nh5 9. Bb5 Nxg3 10. hxg3 Qb6 11. Qb3 a6 12. Bd3 Qxb3 13. axb3 h6 14. b4 Rb8 15. 0-0 0-0 16. Rfe1 Re8 17. Nb3 Kf8 18. Re2 e5 19. dxe5 Nxe5 20. Nxe5 Rxe5 21. Rd2 Re7 22. Be2 Be6 23. Bf3 Bc7 24. Rad1 Bb6 25. Kf1 d4 26. Nxd4 Bc4+ 27. Kg1 g6 28. g4 Rbe8 29. g3 Kg7 30. Kg2 Rc7 31. Rh1 Ree7 32. Nc2 Bb3 33. Na1 Be6 34. Rd6 Ba7 35. Nc2 Rc4 36. Na3 Rcc7 37. Rhd1 Rc8 38. R1d2 a5 39. bxa5 Bc5 40. a6 Bxd6 41. axb7 Bxa3 42. bxc8Q Bxc8 43. bxa3 Ra7 44. Ra2 Rc7 45. a4 Rxc3 46. a5 Ba6 47. Be2 Bxe2 48. Rxe2 Ra3 49. Re5 g5 50. Rb5 Kg6 51. Rb6+ Kg7 52. Ra6 Kh7 53. Ra8 Kg7 54. a6 Kh7 55. Kf1 Ra2 56. Ke1 Kg7 57. a7 Kh7 58. Kd1 Kg7 59. Kc1 Kh7 60. Kb1 Ra6 61. Kb2 Kg7 62. Kc3 Ra4 63. Kb3 Ra1 64. f4 Kh7 65. Kb4 Kg7 66. Kc5 Kh7 67. Kb6 Rb1+ 68. Kc7 Ra1 69. Kd6 Kg7 70. Kd5 Ra5+ 71. Kc4 Ra4+ 72. Kb3 Ra6 73. f5 Ra1 74. Kc4 Rc1+ 75. Kd5 Rd1+ 76. Ke4 Re1+ 77. Kd3 Rd1+ 78. Kc3 Ra1 79. Kc2 Ra2+ 80. Kb1 Ra6 1/2-1/2

[Event "VIE-ch (Women)"]
[Site "Ho Chi Minh City"]
[Date "2019.05.07"]
[Round "7"]
[White "Nguyen, Thi Thuy Trien"]
[Black "Nguyen, Hong Ngoc"]
[Result "1-0"]
[WhiteElo "2022"]
[BlackElo "1886"]
[PlyCount "91"]
[EventDate "2019.05.02"]
[EventType "swiss"]
[EventRounds "9"]
[EventCountry "VIE"]
[SourceTitle "CBM 190 Extra"]
[Source "ChessBase"]
[SourceDate "2019.07.15"]
[SourceVersion "1"]
[SourceVersionDate "2019.07.15"]
[SourceQuality "1"]

1. d4 e6 2. e4 d5 3. Nc3 dxe4 4. Nxe4 Nd7 5. c3 Ngf6 6. Ng3 Bd6 7. Nf3 c6 8. Bd3 b6 9. Qc2 Bb7 10. 0-0 Qc7 11. Re1 0-0 12. Ng5 h6 13. N5e4 c5 14. Nxd6 Qxd6 15. dxc5 Nxc5 16. Bf1 Rfd8 17. Be3 Ncd7 18. Qa4 Nd5 19. Rad1 Qe7 20. Bc1 Nf8 21. Bd3 Rac8 22. Nh5 Qc7 23. Bxh6 gxh6 24. Qg4+ Ng6 25. Bxg6 fxg6 26. Rxe6 Nf4 27. Rxd8+ Rxd8 28. Nxf4 Qxf4 29. Rxg6+ Kh8 30. Rg8+ Rxg8 31. Qxf4 Rxg2+ 32. Kf1 Rg7 33. Qxh6+ Kg8 34. h4 Bf3 35. Qf4 Rf7 36. Qe5 Kh7 37. a4 Kg6 38. a5 Rf5 39. Qe8+ Kf6 40. axb6 axb6 41. Qd8+ Ke5 42. Qxb6 Kf4 43. Qd4+ Be4 44. b4 Rd5 45. Qe3+ Kf5 46. f3 1-0

[Event "VIE-chB (Women)"]
[Site "Ba Dinh"]
[Date "2018.11.29"]
[Round "3"]
[White "Nguyen, Thi Thuy Trien"]
[Black "Nguyen, Thi Thao Linh"]
[Result "1-0"]
[WhiteElo "2054"]
[BlackElo "1836"]
[PlyCount "77"]
[EventDate "2018.11.28"]
[EventType "swiss"]
[EventRounds "9"]
[EventCountry "VIE"]
[SourceTitle "EXT 2021"]
[Source "ChessBase"]
[SourceDate "2020.10.23"]
[SourceVersion "1"]
[SourceVersionDate "2020.10.23"]
[SourceQuality "1"]

1. e4 e6 2. d4 d5 3. Nc3 Bb4 4. e5 c5 5. a3 Ba5 6. Qg4 g6 7. b4 cxb4 8. Nb5 Bc7 9. axb4 Nc6 10. c3 Bd7 11. Bd3 a6 12. Nxc7+ Qxc7 13. Ne2 a5 14. h4 h5 15. Qg3 Nge7 16. Bg5 Nf5 17. Bxf5 exf5 18. e6 Qxg3 19. exd7+ Kxd7 20. fxg3 axb4 21. Kd2 b3 22. Rxa8 Rxa8 23. Rb1 Ra2+ 24. Kd1 Na5 25. Nc1 Rxg2 26. Nxb3 Rg1+ 27. Kc2 Rxb1 28. Nc5+ Kd6 29. Kxb1 b6 30. Nd3 Nc6 31. Kc2 Ke6 32. Kb3 Na5+ 33. Kb4 Nc4 34. Bc1 Kd6 35. Bf4+ Ke6 36. Kb5 f6 37. Kc6 Na3 38. Kxb6 Nb1 39. Nc5+ 1-0

[Event "VIE-chB (Women)"]
[Site "Ba Dinh"]
[Date "2018.11.28"]
[Round "2"]
[White "Hoang, Thi Bao Tram"]
[Black "Nguyen, Thi Thuy Trien"]
[Result "1-0"]
[WhiteElo "2323"]
[BlackElo "2054"]
[PlyCount "101"]
[EventDate "2018.11.28"]
[EventType "swiss"]
[EventRounds "9"]
[EventCountry "VIE"]
[SourceTitle "EXT 2021"]
[Source "ChessBase"]
[SourceDate "2020.10.23"]
[SourceVersion "1"]
[SourceVersionDate "2020.10.23"]
[SourceQuality "1"]

1. d4 e6 2. c4 d5 3. Nf3 Nf6 4. Qc2 Ne4 5. Nc3 f5 6. Bf4 Bd6 7. Bxd6 Qxd6 8. e3 c6 9. Bd3 Nd7 10. 0-0 0-0 11. Rac1 a6 12. Ne2 Kh8 13. b3 h6 14. Nh4 Rf7 15. cxd5 cxd5 16. Qc7 Qxc7 17. Rxc7 Ne5 18. Rxc8+ Rxc8 19. dxe5 g5 20. Nf3 Nc5 21. Bb1 Nd7 22. Nfd4 Re7 23. f4 g4 24. Nxe6 Rxe6 25. Bxf5 Re7 26. Bxg4 Rc2 27. Nd4 Rxa2 28. Bxd7 Rxd7 29. f5 Rg7 30. g3 Kg8 31. Rc1 Re7 32. Rc8+ Kf7 33. Nf3 b5 34. g4 Rb7 35. g5 hxg5 36. Nxg5+ Kg7 37. f6+ Kg6 38. Rg8+ Kf5 39. f7 Rxf7 40. Nxf7 Ke6 41. Ng5+ Kxe5 42. Re8+ Kf5 43. Nf3 b4 44. Re5+ Kg4 45. Nd4 a5 46. Rxd5 a4 47. bxa4 Rxa4 48. Rb5 Ra1+ 49. Kf2 Ra2+ 50. Ne2 Rb2 51. e4 1-0

[Event "VIE-ch (Women)"]
[Site "Bac Giang"]
[Date "2017.11.28"]
[Round "9"]
[White "Nguyen, Thi Thuy Trien"]
[Black "Luong, Hoang Tu Linh"]
[Result "1-0"]
[WhiteElo "2054"]
[BlackElo "1505"]
[PlyCount "77"]
[EventDate "2017.11.23"]
[EventType "swiss"]
[EventRounds "9"]
[EventCountry "VIE"]
[SourceTitle "CBM 181 Extra"]
[Source "ChessBase"]
[SourceDate "2017.12.12"]
[SourceVersion "1"]
[SourceVersionDate "2017.12.12"]
[SourceQuality "1"]

1. e4 c5 2. Nf3 d6 3. d4 cxd4 4. Nxd4 Nf6 5. Nc3 a6 6. Bd3 g6 7. f3 Bg7 8. Be3 b5 9. Qd2 Bb7 10. Nce2 Nbd7 11. g4 Nc5 12. h4 h6 13. 0-0-0 Nfd7 14. h5 g5 15. Nf5 Be5 16. Rhf1 e6 17. Nxh6 f6 18. f4 Rxh6 19. fxg5 Nxd3+ 20. cxd3 fxg5 21. Bxg5 Qc7+ 22. Kb1 Rh7 23. Rf2 Nc5 24. Rdf1 Qg7 25. h6 Qg8 26. Ka1 Kd7 27. Bf4 Bxf4 28. Rxf4 Ke7 29. g5 Nd7 30. Rg1 Qg6 31. Rff1 e5 32. Ng3 Rf8 33. Nf5+ Ke6 34. Qd1 d5 35. Qg4 Nf6 36. Qh3 Qg8 37. gxf6 Qf7 38. Rg7 Rxg7 39. fxg7 1-0

[Event "VIE-ch (Women)"]
[Site "Bac Giang"]
[Date "2017.11.26"]
[Round "6"]
[White "Nguyen, Thi Thuy Trien"]
[Black "Pham, Thi Thu Hien"]
[Result "1-0"]
[WhiteElo "2054"]
[BlackElo "2138"]
[PlyCount "138"]
[EventDate "2017.11.23"]
[EventType "swiss"]
[EventRounds "9"]
[EventCountry "VIE"]
[SourceTitle "CBM 181 Extra"]
[Source "ChessBase"]
[SourceDate "2017.12.12"]
[SourceVersion "1"]
[SourceVersionDate "2017.12.12"]
[SourceQuality "1"]

1. e4 c5 2. Nf3 a6 3. d4 cxd4 4. Nxd4 Nf6 5. Nc3 e5 6. Nf5 d5 7. Ng3 d4 8. Nb1 Nc6 9. Bd3 Bd6 10. 0-0 0-0 11. Nd2 Nb4 12. Nc4 Nxd3 13. cxd3 Bc7 14. f4 Nd7 15. Nf5 b5 16. Nxe5 Nxe5 17. fxe5 Bxe5 18. Bd2 Be6 19. Qh5 f6 20. Rf2 g6 21. Nh6+ Kg7 22. Qe2 Qd7 23. h3 Rfc8 24. Ng4 Bxg4 25. hxg4 g5 26. Rf5 h6 27. Qf3 Rc2 28. Be1 Qd6 29. Bf2 Rac8 30. Rf1 R8c6 31. Rxe5 Qxe5 32. Bg3 Qe7 33. e5 Re6 34. Qe4 fxe5 35. Rf5 Kg8 36. b4 Rc8 37. Bxe5 Rd8 38. a3 Re8 39. Qd5 Rd8 40. Qe4 Rf8 41. Qxd4 Rd8 42. Qe4 Rd7 43. Kh1 Rd8 44. Kg1 Qh7 45. Qf3 Qd7 46. Qf2 Rde8 47. Bg3 Re2 48. Qf3 R2e3 49. Qf2 Rxd3 50. Rf6 Kg7 51. Bd6 Rde3 52. Bf8+ Rxf8 53. Rxf8 Qe7 54. Rf5 Re6 55. Qb2+ Kh7 56. Qd4 Re1+ 57. Kh2 Qc7+ 58. g3 Re2+ 59. Kh3 Re6 60. Qd1 Re7 61. Qd3 Kh8 62. Rf6 Kg8 63. Rxh6 Rg7 64. Qd5+ Kf8 65. Rh8+ Ke7 66. Qe4+ Kd7 67. Qf5+ Ke7 68. Rh6 Rf7 69. Qe6+ Kf8 1-0

[Event "VIE-ch (Women)"]
[Site "Bac Giang"]
[Date "2017.11.23"]
[Round "1"]
[White "Nguyen, Thi Thuy Trien"]
[Black "Bui, Thi Diep Anh"]
[Result "1-0"]
[WhiteElo "2054"]
[BlackElo "1682"]
[PlyCount "77"]
[EventDate "2017.11.23"]
[EventType "swiss"]
[EventRounds "9"]
[EventCountry "VIE"]
[SourceTitle "CBM 181 Extra"]
[Source "ChessBase"]
[SourceDate "2017.12.12"]
[SourceVersion "1"]
[SourceVersionDate "2017.12.12"]
[SourceQuality "1"]

1. d4 Nf6 2. c4 e5 3. dxe5 Ng4 4. Nf3 Bc5 5. e3 Nc6 6. Be2 Ngxe5 7. 0-0 0-0 8. Nc3 d6 9. b3 Bf5 10. Bb2 a5 11. Nd4 Ne7 12. Kh1 Re8 13. Nxf5 Nxf5 14. Qc2 Qd7 15. Na4 Ba7 16. Rad1 Qe6 17. e4 Nh6 18. h3 Ng6 19. Qc3 f6 20. Bd3 Nf4 21. Bb1 Nf7 22. Qg3 Ng6 23. f4 Qe7 24. Rd5 c6 25. Rh5 Nh6 26. f5 Ne5 27. Rxh6 Kh8 28. Rh5 Qf7 29. Qh4 Qg8 30. Rd1 Rad8 31. Nc3 Be3 32. Ne2 Bg5 33. Rxg5 fxg5 34. Qxg5 Rf8 35. Nf4 Nf7 36. Qh5 h6 37. Ne6 Ne5 38. Nxd8 Rxd8 39. Bxe5 1-0

[Event "VIE-chT (Women)"]
[Site "Ho Chi Minh City"]
[Date "2017.07.28"]
[Round "7.8"]
[White "Hoang, Thi Hai Anh"]
[Black "Nguyen, Thi Thuy Trien"]
[Result "1-0"]
[WhiteElo "1917"]
[BlackElo "2052"]
[PlyCount "113"]
[EventDate "2017.07.24"]
[EventType "team-swiss"]
[EventRounds "9"]
[EventCountry "VIE"]
[SourceTitle "EXT 2019"]
[Source "ChessBase"]
[SourceDate "2018.10.10"]
[SourceVersion "1"]
[SourceVersionDate "2018.10.10"]
[SourceQuality "1"]

1. d4 f5 2. g3 g6 3. Bg2 Bg7 4. c4 Nf6 5. Nc3 d6 6. Nf3 0-0 7. 0-0 Nc6 8. d5 Ne5 9. Nxe5 dxe5 10. e4 f4 11. f3 fxg3 12. hxg3 Nh5 13. Kh2 e6 14. Be3 exd5 15. Qxd5+ Kh8 16. Qxd8 Rxd8 17. Nb5 Bd7 18. Nxc7 Rac8 19. Nd5 Rxc4 20. Bxa7 Be6 21. b3 Rc6 22. Nb4 Rcd6 23. Bc5 R6d7 24. Bh3 Rd2+ 25. Rf2 Bf8 26. Nd5 R2xd5 27. Bxf8 Rd2 28. Rxd2 Rxd2+ 29. Bg2 Nf6 30. Bh6 Rc2 31. Rd1 Kg8 32. Rd2 Rc8 33. Rd6 Rc6 34. Rxc6 bxc6 35. Kg1 Kf7 36. Kf2 Nd7 37. Ke3 Ke7 38. Kd3 Kd6 39. Kc3 c5 40. a4 Nf6 41. Be3 Ne8 42. Bf1 Nc7 43. b4 cxb4+ 44. Kxb4 Bc8 45. a5 Kc6 46. Bc4 Na6+ 47. Ka4 Nc7 48. Bb6 Na6 49. Bd5+ Kd6 50. Kb5 Nb8 51. Ba7 Na6 52. Kb6 Nb4 53. Bb8+ Kd7 54. Bb7 Nd3 55. a6 Nb2 56. Bc6+ Kd8 57. a7 1-0

[Event "VIE-chT (Women)"]
[Site "Ho Chi Minh City"]
[Date "2017.07.28"]
[Round "8.15"]
[White "Nguyen, Thi Thuy Trien"]
[Black "Nguyen, Hai Phuong Anh"]
[Result "1-0"]
[WhiteElo "2052"]
[BlackElo "1479"]
[PlyCount "55"]
[EventDate "2017.07.24"]
[EventType "team-swiss"]
[EventRounds "9"]
[EventCountry "VIE"]
[SourceTitle "EXT 2019"]
[Source "ChessBase"]
[SourceDate "2018.10.10"]
[SourceVersion "1"]
[SourceVersionDate "2018.10.10"]
[SourceQuality "1"]

1. e4 c5 2. Nf3 d6 3. d4 cxd4 4. Nxd4 Nf6 5. Nc3 a6 6. f3 e6 7. Be2 Be7 8. 0-0 0-0 9. Kh1 b5 10. a3 Bb7 11. Qe1 Nbd7 12. Bd3 Qc7 13. Qg3 Kh8 14. f4 Rfe8 15. Bd2 Bf8 16. Rae1 e5 17. fxe5 Nxe5 18. Nf5 Nc4 19. Bc1 Nxa3 20. Bg5 Nc4 21. Bxf6 gxf6 22. Bxc4 Qxc4 23. Qh4 Re6 24. Rf3 Qc8 25. Rh3 Bh6 26. Qxh6 Qg8 27. Rg3 Qf8 28. Rg7 1-0

[Event "VIE-chT (Women)"]
[Site "Ho Chi Minh City"]
[Date "2017.07.27"]
[Round "6.13"]
[White "Nguyen, Thi Thuy Trien"]
[Black "Nguyen, Xuan Nhi"]
[Result "1-0"]
[WhiteElo "2052"]
[BlackElo "1751"]
[PlyCount "81"]
[EventDate "2017.07.24"]
[EventType "team-swiss"]
[EventRounds "9"]
[EventCountry "VIE"]
[SourceTitle "EXT 2019"]
[Source "ChessBase"]
[SourceDate "2018.10.10"]
[SourceVersion "1"]
[SourceVersionDate "2018.10.10"]
[SourceQuality "1"]

1. e4 c6 2. d4 d5 3. e5 Bf5 4. c3 e6 5. Ne2 Ne7 6. Ng3 Bg6 7. Be2 Nd7 8. 0-0 c5 9. h4 h6 10. h5 Bh7 11. f4 Qb6 12. dxc5 Qxc5+ 13. Kh1 Nf5 14. Nxf5 Bxf5 15. Na3 a6 16. Nc2 Be7 17. Nd4 Be4 18. Be3 Qc7 19. Rc1 Bh4 20. f5 Qxe5 21. Bf4 Qf6 22. fxe6 fxe6 23. Bg4 Nc5 24. Bd6 Bf2 25. Bg3 Nd3 26. Rc2 Bxg3 27. Rxf6 gxf6 28. Bxe6 Nf2+ 29. Rxf2 Bxf2 30. Nf5 Rd8 31. Qa4+ b5 32. Qxa6 Bxf5 33. Qxb5+ Ke7 34. Bxf5 Bg3 35. Qb7+ Kd6 36. Qb6+ Ke5 37. Qe6+ Kf4 38. Bg6 Bh4 39. Qf5+ Ke3 40. Qh3+ Ke2 41. Qxh4 1-0

[Event "VIE-chT (Women)"]
[Site "Ho Chi Minh City"]
[Date "2017.07.26"]
[Round "4.11"]
[White "Nguyen, Thi Thuy Trien"]
[Black "Pham, Tran Gia Thu"]
[Result "1-0"]
[WhiteElo "2052"]
[BlackElo "1587"]
[PlyCount "69"]
[EventDate "2017.07.24"]
[EventType "team-swiss"]
[EventRounds "9"]
[EventCountry "VIE"]
[SourceTitle "EXT 2019"]
[Source "ChessBase"]
[SourceDate "2018.10.10"]
[SourceVersion "1"]
[SourceVersionDate "2018.10.10"]
[SourceQuality "1"]

1. c4 f5 2. b3 Nf6 3. Bb2 e6 4. e3 g6 5. Nf3 Bg7 6. d4 d6 7. Nbd2 0-0 8. Qc2 Qe7 9. c5 Nfd7 10. cxd6 cxd6 11. Ba3 Nb6 12. e4 fxe4 13. Nxe4 Rd8 14. Be2 Nc6 15. Rd1 Qc7 16. 0-0 d5 17. Neg5 Qf4 18. g3 Qf6 19. Bc1 h6 20. Nh3 Qf5 21. Qxf5 exf5 22. Nf4 g5 23. Nh5 g4 24. Nh4 Nxd4 25. Bd3 Rf8 26. Nxg7 Kxg7 27. Bb2 Kh7 28. Bxd4 Bd7 29. Rfe1 Rf7 30. Re5 Raf8 31. Bxb6 axb6 32. Rxd5 Kg7 33. Re1 Be8 34. Ree5 f4 35. Ng6 1-0

[Event "VIE-ch (Women)"]
[Site "Vietnam"]
[Date "2016.05.02"]
[Round "8"]
[White "Nguyen, Quynh Anh"]
[Black "Nguyen, Thi Thuy Trien"]
[Result "1-0"]
[WhiteElo "2165"]
[BlackElo "2052"]
[PlyCount "83"]
[EventDate "2016.04.27"]
[EventType "swiss"]
[EventRounds "9"]
[EventCountry "VIE"]
[SourceTitle "CBM 172 Extra"]
[Source "ChessBase"]
[SourceDate "2016.06.21"]
[SourceVersion "1"]
[SourceVersionDate "2016.06.21"]
[SourceQuality "1"]

1. e4 e6 2. d4 d5 3. Nd2 Nf6 4. e5 Nfd7 5. f4 c5 6. c3 Nc6 7. Ndf3 Qb6 8. g3 cxd4 9. cxd4 Bb4+ 10. Kf2 f6 11. Kg2 0-0 12. Bd3 Be7 13. Ne2 fxe5 14. fxe5 Ndxe5 15. Nxe5 Nxe5 16. dxe5 Rf2+ 17. Kh3 Bd7 18. Nf4 Be8 19. Qg4 Bf7 20. Nh5 g6 21. Rf1 Rxf1 22. Bxf1 Qf2 23. Bd3 Qe1 24. Nf6+ Kh8 25. Qf4 Bg8 26. Rb1 Qa5 27. a3 Rf8 28. b4 Qd8 29. Bb2 Kg7 30. Rf1 a6 31. Bc1 Kh8 32. Qh4 Bxf6 33. exf6 Bf7 34. Bb2 a5 35. Qh6 Rg8 36. Rf4 e5 37. Rh4 Be6+ 38. Kg2 Qd7 39. f7 d4 40. fxg8Q+ Kxg8 41. Bxg6 hxg6 42. Qh8+ 1-0

[Event "VIE-ch (Women)"]
[Site "Vietnam"]
[Date "2016.04.28"]
[Round "3"]
[White "Nguyen, Thi Thuy Trien"]
[Black "Doan, Thi Hong Nhung"]
[Result "1-0"]
[WhiteElo "2052"]
[BlackElo "1946"]
[PlyCount "65"]
[EventDate "2016.04.27"]
[EventType "swiss"]
[EventRounds "9"]
[EventCountry "VIE"]
[SourceTitle "CBM 172 Extra"]
[Source "ChessBase"]
[SourceDate "2016.06.21"]
[SourceVersion "1"]
[SourceVersionDate "2016.06.21"]
[SourceQuality "1"]

1. d4 Nf6 2. c4 e6 3. Nc3 Bb4 4. Qc2 d5 5. e3 c5 6. a3 Bxc3+ 7. bxc3 0-0 8. Nf3 Nc6 9. Be2 Qc7 10. 0-0 Rd8 11. Bb2 b6 12. cxd5 Nxd5 13. c4 Nde7 14. dxc5 bxc5 15. Rad1 Bb7 16. Ng5 Ng6 17. f4 h6 18. Nxe6 fxe6 19. Qxg6 Qf7 20. Qc2 Qe7 21. Rf3 Rxd1+ 22. Bxd1 Rd8 23. Rg3 e5 24. Bf3 Rd7 25. h3 Qh4 26. Qg6 Nd8 27. Bxb7 Nxb7 28. Bxe5 Na5 29. Bxg7 Qxg3 30. Qxg3 Rxg7 31. Qf3 Kh8 32. Qh5 Nxc4 33. Qxh6+ 1-0